| 000 | 00670nam a22001937a 4500 | ||
|---|---|---|---|
| 005 | 20251108174544.0 | ||
| 008 | 250721s1995 xx 000 0 ara d | ||
| 082 | 1 | 4 | _aط/591.6/جان |
| 100 | 1 | _aجانيري، أنيتا | |
| 245 | 1 | 0 | _aعجائب الكائنات الشائكة و السامة : نظرة قريبة إلى الحيوانات و النباتات الخطرة / |
| 264 | 1 |
_aالقاهرة : _bسفير، _c1995. |
|
| 300 | _a43ص | ||
| 650 | 1 | 7 | _aالحيوانات الضاره |
| 650 | 1 | 7 | _aالسموم |
| 653 | _aناشاون صغار (10-14) سنه | ||
| 700 | 1 |
_aغنيم، كارم _eمترجم |
|
| 942 |
_2ddc _cBK |
||
| 999 |
_c112148 _d112148 |
||